<?xml version="1.0" encoding="UTF-8"?>
<record
    xmlns:xsi="http://www.w3.org/2001/XMLSchema-instance"
    xsi:schemaLocation="http://www.loc.gov/MARC21/slim http://www.loc.gov/standards/marcxml/schema/MARC21slim.xsd"
    xmlns="http://www.loc.gov/MARC21/slim">

  <leader>01017nam a2200241Ia 4500</leader>
  <controlfield tag="003">IN-BaIIA</controlfield>
  <controlfield tag="008">211028s9999    xx            000 0 eng d</controlfield>
  <datafield tag="020" ind1=" " ind2=" ">
    <subfield code="a">90-277-0351-5</subfield>
  </datafield>
  <datafield tag="040" ind1=" " ind2=" ">
    <subfield code="c">IIA Library</subfield>
  </datafield>
  <datafield tag="080" ind1=" " ind2=" ">
    <subfield code="a">082.2:52</subfield>
    <subfield code="b">IAU-51</subfield>
  </datafield>
  <datafield tag="111" ind1=" " ind2=" ">
    <subfield code="a">International Astronomical Union Symposium</subfield>
    <subfield code="n">51th</subfield>
    <subfield code="c">Canada</subfield>
    <subfield code="d">1972 Sept. 6-12</subfield>
    <subfield code="9">12940</subfield>
  </datafield>
  <datafield tag="245" ind1=" " ind2="0">
    <subfield code="a">Extended atmospheres and circumstellar matter in spectroscopic binary systems</subfield>
    <subfield code="b">proceedings of the International Astronomical Union Symposium No.51 (Struve Memorial Symposium) held at Parksville, B C Canada 6-12 September 1972</subfield>
    <subfield code="c">edited by A. H. Batten                                             </subfield>
  </datafield>
  <datafield tag="260" ind1=" " ind2=" ">
    <subfield code="a">Dordrecht</subfield>
    <subfield code="b">D. Reidel Publishing</subfield>
    <subfield code="c">1973</subfield>
  </datafield>
  <datafield tag="300" ind1=" " ind2=" ">
    <subfield code="a">xiv, 291p.</subfield>
  </datafield>
  <datafield tag="490" ind1=" " ind2=" ">
    <subfield code="a">IAU Symposium; no. 51</subfield>
  </datafield>
  <datafield tag="500" ind1=" " ind2=" ">
    <subfield code="a">Donated by Mrs. Bappu</subfield>
  </datafield>
  <datafield tag="650" ind1=" " ind2=" ">
    <subfield code="a">Astronomy and Astrophysics Thesaurus</subfield>
  </datafield>
  <datafield tag="650" ind1=" " ind2=" ">
    <subfield code="a">Binary Stars</subfield>
    <subfield code="9">1185</subfield>
  </datafield>
  <datafield tag="650" ind1=" " ind2=" ">
    <subfield code="a">Binary Systems</subfield>
    <subfield code="9">1186</subfield>
  </datafield>
  <datafield tag="700" ind1=" " ind2=" ">
    <subfield code="a">Batten, A. H. ed.</subfield>
    <subfield code="9">7634</subfield>
  </datafield>
  <datafield tag="710" ind1=" " ind2=" ">
    <subfield code="a">International Astronomical Union </subfield>
  </datafield>
  <datafield tag="942" ind1=" " ind2=" ">
    <subfield code="c">BK</subfield>
  </datafield>
  <datafield tag="999" ind1=" " ind2=" ">
    <subfield code="c">7653</subfield>
    <subfield code="d">7653</subfield>
  </datafield>
  <datafield tag="952" ind1=" " ind2=" ">
    <subfield code="0">0</subfield>
    <subfield code="1">0</subfield>
    <subfield code="4">0</subfield>
    <subfield code="7">0</subfield>
    <subfield code="a">BAN</subfield>
    <subfield code="b">BAN</subfield>
    <subfield code="c">GEN</subfield>
    <subfield code="d">1983-07-26</subfield>
    <subfield code="l">0</subfield>
    <subfield code="o">082.2:52/ IAU-51</subfield>
    <subfield code="p">8467</subfield>
    <subfield code="r">2021-11-05</subfield>
    <subfield code="w">1983-07-26</subfield>
    <subfield code="y">BK</subfield>
  </datafield>
</record>
